Quizzes
Events
Quiz Creation
Community
Videos
Private Events
Remove Ads
Sign In
Join for FREE
Feedback
Dark Mode
Quiz Categories
Sports
Geography
Music
Movies
Television
Just For Fun
Miscellaneous
History
Literature
Language
Science
Gaming
Entertainment
Religion
Holiday
For Kids
Quiz Lab
Recent
Popular Today
Quiz Kudos Today
Editor Picks
Curator Picks
Quizzes by...
Day
Popularity
Type
Ratings
Length
Year
Community
Subscriptions
Recent Discussions
Orange Saloon
Badges
Playlists
Quests
Create
Leaderboards
Showdown
Live 5
Trivia Bingo
Activity
Puzzle Library
Sporcle Events
Private Events
Virtual Trivia
Globe League
Become a Host
Pub Owners
SporcleCon
Opinionation
Our Games
Videos
Blog
Mobile Apps
Partnerships
Remove Ads and Go Orange
Feedback
Geography
Country
Landmarks
City
State
Population
World
Capital
Continent
Flags
Europe
Africa
Asia
South America
North America
Oceania
Border
Canada
United Kingdom
Topography
United States
Geography
Country
Landmarks
City
State
Population
World
Capital
Continent
Flags
Europe
Africa
Asia
South America
North America
Oceania
Border
Canada
United Kingdom
Topography
United States
Random Quiz
Search Sporcle
×
Quiz Lab
Quiz Lab
Geography
City
Type in answers that appear in a list
Type in answers that appear in a list
Classic
Best Score? Go Orange.
Sound It Out Cities! Stats
Can you name the American cities by sounding out the clues?
By
jesserockr
5m
20 Questions
99 Plays
99 Plays
99 Plays
Comments
Comments
Give Quiz Kudos
Give Quiz Kudos
-
- Ratings
hide this ad
Replay
Link that replays current quiz
Next Quiz
Link to next quiz in quiz playlist
You Got
0%
They Got
Avg Score
49%
Avg Friend Score
Upgrade to see
Score Distribution
Jump to the score distribution portion of the page
Score
0/20
Timer
05:00
0
Plays Today
Clues
American City
% Correct
Letter following N + Slang for Mother + Sound made to express surprise or laughter =
Omaha
80.8%
Belongs to me + A form of 'to be' + Refering to myself =
Miami
72.7%
Part of the foot + A Confederate general+a female deer
Toledo
71.7%
Small + Stone =
Little Rock
68.7%
A mineral that contains metal + To bring a plane to the ground + Universal blood donor type =
Orlando
64.6%
Spherical toy + Chemical symbol for titanium + Greater in size or amount =
Baltimore
61.6%
Angry + To disrespect + Parents' boy =
Madison
60.6%
Place to grind grain + Abbreviation for Pacific NW state + Opens locks =
Milwaukee
56.6%
Young lads + The ocean =
Boise
51.5%
An offense against religious or moral law X 2 + Expressing location, place, or position + object from which a golf ball is struck from =
Cincinnati
49.5%
Clues
American City
% Correct
Color or shade + knock unconscious, shock =
Houston
47.5%
A type of wood + Not water =
Oakland
47.5%
A city on the water + Not water=
Portland
45.5%
Coiled metal + Cleared land =
Springfield
41.4%
Not old; recent + Move with a curved trajectory =
Newark
40.4%
Price or cost + New Yorks basketball team =
Phoenix
35.4%
To polish; make shiny + First letter + Not high =
Buffalo
32.3%
Not me + A segment of DNA =
Eugene
30.3%
To express in words + Branch =
Salem
21.2%
Inverse of 'or' function + People in general; members in one's household =
Norfolk
11.1%
Quiz Playlist
Details
Report
Send in Message
Add To Playlist
Classic:
Type in answers that appear in a list
Last Updated: Feb 16, 2017
Quiz Scoreboard
CHALLENGE
Sign Up to Join the Scoreboard
Show All
Scores
Hide
Comments
May contain spoilers
Recently Published
Billboard Blitz: Fleetwood Mac
by CooCooCachoo
Music
15s
Presidents Visiting Landmarks
by Hejman
History
7m
An Introduction to Baseball
by treessimontrees
Sports
5m
More to Explore
Quiz From the Vault
Featured Blog Post
Where Did the Easter Bunny Come From?
hide this ad
You Might Also Like...
Tags
City Quiz
America
Sounding
Today's Top Quizzes in Geography
Browse Geography
hide this ad
Today's Top Quizzes in City
Browse City
Top Contributed Quizzes in Geography
1
Countries of the World - No Outlines Minefield
2
Top 25 Cities of France on a map
3
Any capital of a 'B' country per Continent
4
Any capital of a 'C' country per Continent
5
Closest Countries to UK A-Z
6
Any capital of a 'D' country per Continent
7
5-to-1: US Geography No Hints
8
One Thing in Common: United Kingdom
9
Any capital of an 'E' country per Continent
10
Any capital of an 'F' country per Continent
Explore More
Trending Topics
Anime
Harry Potter
Marvel
Disney
Kpop
Crossword
NBA
WWE
Puzzle
Pokémon
Soccer
The Office
Country
NFL
Song
hide this ad
More By:
jesserockr
Quiz
Plays
Rating
Category
Featured
Created
FAMILY FEUD STYLE
2,533
3.89
Just For Fun
Apr 7, 2011
High School Courses
961
2.00
Miscellaneous
May 9, 2010
College Football 'Red' Teams
668
2.25
Sports
Sep 12, 2010
Top 10 Smartest Dogs and 10 Most Dumbest
616
2.50
Just For Fun
May 9, 2010
Can you answer these simple questions?
598
2.86
Just For Fun
Apr 5, 2012
Go to Creator's Profile
Score Distribution
Quiz Creator Spotlight
jesserockr
Follow
Send a Message
Quizzes Created
-
Created Quiz Play Count
-
More By This Creator
Popular Quizzes Today
1
Find the US States - No Outlines Minefield
2
Find the Countries of Europe - No Outlines Minefield
3
The Countries of the World
4
Find the US States
5
US States
6
Risky Map Clicking: Biggest States A-Z
7
Popular People in 1961
8
Movies - When Are They Set?
More Geography Quizzes
Europe Without the Euro Minefield
Published
Trending Quizzes
Risky Map Clicking: Least Populous States A-Z
1-10 Letter G Words
1-10 Letter F Words
Risky Map Clicking: Next State Alphabetically
Risky Map Clicking: Biggest States A-Z
Recently Updated
Leaping Animals
pecheneg
Reality TV Shows (A-Z)
bhenderson79
Rickey Henderson's Hall of Fame Teammates
pecheneg
Champions League XIs: Arsenal
pecheneg
Quick Pick: Celebrities in WWE's Hall of Fame
aduchscher
A-Z Keypad Blitz II
pecheneg
Multiple Oscar Actors
pecheneg
Mystery Phrase Blitz: Oscar 'Best Actors'
pecheneg
F. Scott Fitzgerald Novels
LTH
Pick 3 Villains
ddd62291
Trending Topics
Disney
Marvel
Crossword
Anime
Kpop
NBA
Harry Potter
Pokémon
Country
Song
WWE
The Office
NFL
Puzzle
Soccer
Your Account Isn't Verified!
In order to create a playlist on Sporcle, you need to verify the email address you used during registration. Go to your
Sporcle Settings
to finish the process.
Report this User
Report this user for behavior that violates our
Community Guidelines
.
Details:
Send Report
Go to the Sporcle.com Mobile Site →
Comments